[Event "EU-ch 12th"]
[Site "Aix les Bains"]
[Date "2011.03.22"]
[Round "1"]
[White "Volokitin, Andrei"]
[Black "Benitah, Yohan"]
[Result "1-0"]
[WhiteElo "2677"]
[BlackElo "2401"]
[Annotator "Marchand,A/Primel,D"]
[PlyCount "107"]
[EventDate "2011.03.22"]
[EventType "swiss"]
[EventRounds "11"]
[EventCountry "FRA"]
[SourceTitle "CBM 142 Extra"]
[Source "ChessBase"]
[SourceDate "2011.06.27"]
[SourceVersion "1"]
[SourceVersionDate "2011.06.27"]
[SourceQuality "1"]
[TimeControl "40/5400+30:1800+30"]

1. e4 e6 2. d4 d5 3. Nc3 Nf6 4. e5 Nfd7 5. f4 c5 6. Nf3 Nc6 7. Be3 Qb6 (7... a6
8. Qd2 Qb6 9. O-O-O Qa5 10. dxc5 (10. Kb1) 10... Nxc5 11. Kb1 b5 $13) (7... Be7
8. Qd2 O-O 9. Be2 (9. dxc5 Bxc5 (9... Qa5 10. O-O-O b6 11. Bb5 Bb7 12. Kb1 Kh8
13. Nd4 $13) 10. O-O-O Qa5 (10... b6)) 9... b6 10. O-O f6 11. exf6 Nxf6) 8. Na4
Qa5+ 9. c3 c4 10. b4 Qb5 (10... Nxb4 11. cxb4 Bxb4+ 12. Kf2 b5 13. a3 Be7 14.
Nc5 Qc7 (14... Qb6 15. Nxd7 Bxd7 16. Be2 a5 17. Qd2 O-O 18. f5 exf5 19. Bg5
Bxg5 20. Qxg5 b4 21. Qe7 Be6 22. Qc5 Rab8 23. axb4 axb4 24. Qxb6 Rxb6 25. Ke3
b3 26. Rab1 Ra8 27. Rhc1 Ra2 28. Bf1 h6 29. h4) 15. Nxd7 Bxd7 16. Qc2 Qb6 17.
Be2 a5 18. g4 Rc8 19. f5 b4 20. axb4 axb4 21. fxe6 fxe6 22. Rhc1 b3 23. Qb2 O-O
24. Bd2 Be8 25. Ba5 Qb5 26. Kg3 Bg6 27. Bc3 Rf7 {Simon,O (2342)-Metral,J (2039)
/Issy les Moulineaux 2011/EXT 2012/[RR]/1-0 (49)}) (10... Qc7 {La grande ligne}
) 11. Nc5 a5 $1 (11... Ne7 12. Be2 Nf5 13. Bf2 Be7 14. a4 Qc6 15. Nxd7 Bxd7 16.
g4 Nh6 17. h3 f5 18. g5 Ng8 19. Nd2 O-O-O 20. Bf3 Kb8 21. Qe2 Bc8 22. Nf1 Bf8
23. Be3 Ne7 24. h4 Qc7 25. Kf2 a5 26. b5 {Nijboer,F (2571)-Benitah,Y (2398)/
Cappelle la Grande 2006/CBM 110 ext/1/2-1/2 (86)}) 12. a3 $5 {la tentative
d'amélioration du top GMI sur une vieille partie de son adversaire} (12. a4
Qb6 {Mastrovasilis,D (2522)-Benitah,Y (2420) FRA-chT2 0304a 2003 (8.3) 1-0})
12... Ne7 (12... axb4 13. axb4 Rxa1 14. Qxa1 Be7) 13. Be2 Nf5 14. Bf2 a4 $6 {
Les Noirs préparent le ooo mais ils auront une position assez passive} 15. Qc2
b6 16. Nxd7 Bxd7 17. g4 Nh6 18. Ng5 $14 {[%csl Gg5,Rh7]} g6 (18... O-O-O) 19.
h4 O-O-O 20. h5 $36 {[%csl Rh7]} Bg7 $6 (20... Be8 $1 {[%csl Rf7][%cal Ge8f7]})
21. hxg6 hxg6 22. Rxh6 $1 Rxh6 (22... Bxh6 23. Nxf7) 23. Nxf7 Rh1+ (23... Be8
24. Nxh6 Bxh6 25. f5) 24. Bf1 (24. Kd2 $1 Rxa1 25. Nd6+) 24... Be8 25. Nxd8
Kxd8 26. Bg3 Rh8 27. O-O-O Qd7 28. Bg2 Qf7 29. Rf1 Bd7 30. Qd1 Kc7 31. Rh1 Qf8
32. Rxh8 Qxh8 33. Qh1 Bh6 34. Kd2 Qf8 35. Ke3 Kc6 36. Qh4 b5 37. Bf3 (37. Bh3 {
[%cal Gf4f5]}) 37... Kb6 38. Qf6 $1 Qxf6 39. exf6 Be8 40. g5 Bf8 41. f5 $1 gxf5
42. Be5 $44 Kc6 43. Kf4 Bg6 44. Kg3 Bd6 $2 {Les Noirs vont garder un trés
mauvais B} 45. Bxd6 Kxd6 46. Kf4 {[%csl Ge5,Re6]} Kd7 47. Ke5 Bf7 48. Bxd5 exd5
49. Kxf5 Bh5 50. g6 Ke8 51. Kg5 Bf3 52. f7+ Ke7 53. Kh6 Kf8 54. g7+ {Dominique
PRIMEL} 1-0

[Event "Norway Chess 4th"]
[Site "Stavanger"]
[Date "2016.04.25"]
[Round "6"]
[White "Giri, Anish"]
[Black "Harikrishna, Pentala"]
[Result "0-1"]
[WhiteElo "2790"]
[BlackElo "2763"]
[Annotator "Marin,M"]
[PlyCount "72"]
[EventDate "2016.04.19"]
[EventType "tourn"]
[EventRounds "9"]
[EventCountry "NOR"]
[EventCategory "21"]
[SourceTitle "CBM 172"]
[Source "ChessBase"]
[SourceDate "2016.05.12"]
[SourceVersion "1"]
[SourceVersionDate "2016.05.12"]
[SourceQuality "1"]

1. e4 e6 2. d4 d5 3. Nc3 Nf6 4. e5 Nfd7 5. f4 c5 6. Nf3 Be7 7. Be3 O-O {
A curious approach. In the traditional main lines Black tries to obtain some
queenside counterplay before defining his intentions regarding his king. By
castling short so soon Black takes a certain risk but his plan is to wait
until White develops his king's bishop in order to exchange it with ...b6 and .
..Ba6 thus reducing the impact of White's attack.} 8. Qd2 b6 9. Nd1 (9. Be2 Nc6
10. O-O f5 {Bente,B (2312)-Prusikin,M (2536) Bayerisch Eisenstein 2015 EXT
2016 [Prusikin,M] (0-1, 47)}) ({The double-edged} 9. O-O-O {leads to
interesting play:} Nc6 10. Kb1 c4 11. f5 b5 $5 12. Nxb5 $6 {This offers Black
time and the b-file for his attack.} (12. f6 $5 gxf6 13. exf6 Nxf6 14. Bh6 Kh8
15. Qf4 b4 16. Bxf8 Qxf8 17. Na4 {Black surely has compensation for the
exchange due to his compact structure and the strong dark-squared bishop, but
the final evaluation is not too clear. After all, it looks as if only White
could start an attack now.}) 12... Rb8 13. Nd6 Bxd6 14. exd6 Nf6 15. Bg5 Qb6
16. Qc3 Ne4 17. Qa3 exf5 $19 {Saric,I (2628)-Svane,R (2467) Kozloduy 2013 (0-1,
26)}) 9... a5 {Consequently waiting for White to develop his bishop.} (9... Ba6
{Bromberger,S (2532)-Nisipeanu,L (2683) Austria 2016 (1/2-1/2, 30)} 10. Bxa6
Nxa6 11. O-O {offers White some extra time.}) 10. c3 ({Black is well prepared
if White tries to change the character of the position with} 10. c4 Bb7 11. Nc3
dxc4 12. Bxc4 Bxf3 13. gxf3 cxd4 14. Bxd4 Nc6 ({It makes slightly more sense
to develop the queen with gain of time before moving with the knight:} 14...
Qc7 15. Be2 Nc6 16. Nb5 Qb7) 15. Be3 Bh4+ (15... Qc7 $5) 16. Ke2 Qc8 17. Ne4
Ndxe5 $2 {An unsound sacrifice.} ({Due to his somewhat planless play Black is
under some pressure but he would retain a normal position by regrouping with} 
17... Be7) 18. fxe5 Nxe5 19. Bb5 $18 {Vovk,A (2622)-Svane,R (2501) Metz 2014 
(1-0, 28)}) 10... a4 11. Bd3 {White could have continued the half-waiting game
by delaying the bishop's development.} (11. Bf2 Nc6 12. Bb5 Ndb8 13. O-O Ba6
14. Bxa6 Nxa6 15. Ne3 Qd7 16. g4 {It is hard to evaluate if White has an
advantage but his position certainly looks more harmonious than in our main
game.} b5 17. Rad1 Rfd8 18. f5 b4 19. f6 gxf6 20. exf6 Bxf6 21. g5 Bg7 22. Ng4
bxc3 (22... a3 $5) 23. bxc3 e5 $13 {Ochsner,B (2413)-Svane,R (2519) Vaxjo 2015
(1/2-1/2, 32)}) ({To me, the most constructive move looks to be} 11. Nf2 $5
$146) 11... Ba6 12. O-O Nc6 (12... Qc8 {0-1 (37) Asgarizadeh,A (2412)-Svane,R 
(2509) Moscow 2015} 13. Bxa6 Qxa6 14. f5 Nc6 (14... exf5 15. Bg5) 15. Bh6 $5
gxh6 16. Qxh6 Qd3 17. fxe6 (17. f6 Qg6) 17... Ndb8 18. Ne3 Qg6 19. exf7+ Rxf7
20. Qxg6+ hxg6 21. Nxd5 $44) 13. Bxa6 $6 {This looks like a small concession.}
({Giri must have rejected the most natural} 13. f5 Bxd3 14. Qxd3 {because it
exposes the white queen to a later ...Nb4.} a3 15. b3 (15. fxe6 {is a similar
concession as in the game, leading to an absolutely fine position for Black:}
fxe6 16. b3 cxd4 17. cxd4 Nb4 18. Qe2 Nb8) 15... cxd4 16. cxd4 (16. Bxd4 Nc5
17. Qc2 Ne4 $15) 16... Nb4 17. Qe2 $1 ({The attempt to keep the pawn with} 17.
Qb1 {leaves the queen too passive.} Qc8 18. Rf2 Nb8 {[%csl Gf5]} 19. f6 (19. g4
f6 $17) 19... gxf6 20. Bh6 N8c6 $1 {A thematic exchange sacrifice and one
which is already familiar to us .} (20... Rd8 21. exf6 Bxf6 22. Ne3 N8c6 23.
Ng4 Be7 24. Bg5 $40) 21. exf6 (21. Bxf8 Qxf8 $17 {Black has a firm control
over the dark squares and is better coordinated despite the lost exchange.})
21... Bxf6 22. Ne3 Nxd4 23. Qd1 Nb5 24. Rc1 Nc3 25. Qd2 Nbxa2 26. Ng4 Be7 27.
Re1 (27. Qd4 f6 28. Nge5 $5 Ne2+ $1 29. Rxe2 Qxc1+ 30. Bxc1 Nxc1 $19 {[%csl
Ge2][%cal Ge7c5,Ga3a2]}) 27... Ne4 28. Qxa2 Nxf2 29. Qxf2 Kh8 {[%csl Ga3]
White's attack had come to a dead end and the a-pawn is very threatening.})
17... exf5 (17... Nb8 18. f6 gxf6 19. Bh6 {offers White a much stronger attack
than with the queen on b1.}) 18. Bd2 $44 Nb8 {A typical regrouping improving
the placement of the passive knight.} 19. Ne3 Qd7 $2 (19... g6 20. g4 $44) 20.
Bxb4 $6 {Exchanging an important attacking piece.} (20. Nh4 $1 $16 {[%csl Gb4]}
g6 $6 21. Nhxf5 gxf5 22. Nxf5 Kh8 23. Bh6 Rg8 24. e6 $1 {[%cal Ge2e5]} Qxe6 25.
Qxe6 fxe6 26. Nxe7 Re8 27. Rf7 $18) 20... Bxb4 21. Nh4 $6 {It is not the same
now.} (21. Ng5 h6 22. Nh3 g6 23. Nf4 Ra5 24. Qf3 Rd8 25. Rac1 $36) 21... g6 22.
Qf3 Be7 23. Nhxf5 $2 gxf5 24. Nxf5 Kh8 {Baskin,R (2329)-Neef,M (2406) Germany
2016 (0-1, 32)}) 13... Rxa6 14. f5 b5 (14... exf5 15. Qd3 $36 {[%csl Ga6,Gf5]})
15. fxe6 {(?) While I was watching the game I considered this to be a serious
mistake, as White abandons any hopes for an attack and dooms himself to play
the defender's part. But since it is the engines' favourite I have inserted my
evaluation between brackets. In fact, the question mark should apply to
White's previous play, preventing him from keeping the tension or insisting
with the attack under optimal circumstances.} (15. g4 {looks too slow:} Nb6 16.
Qg2 Nc4 17. Kh1 b4 $36) ({The only consequent move was} 15. f6 $5 gxf6 16. exf6
(16. Bh6 fxe5 {leaves Black with two pawns for the exchange.}) 16... Nxf6 17.
Bh6 Ne4 18. Qe1 f5 {[%cal Gf8f6]} (18... Re8 19. Nf2 $36 {[%cal Ge1g3]}) 19.
Bxf8 Bxf8 20. Nf2 {Black has wonderful compensation for the exchange but the
position remains double-edged.}) 15... fxe6 16. Qe2 Qb6 17. Nf2 a3 18. b3 b4
$36 {Nimzowitsch would be proud of Black's position: he has managed to attack
the pawn chain from its base. White seems to have defensive resources, but
Giri will not exploit them.} 19. dxc5 {This helps Black in activating his
pieces.} (19. cxb4 $5 Nxb4 (19... cxd4 20. Nxd4 $14 {[%csl Ga6]}) 20. Nd3 Qb5
21. Rad1) 19... Bxc5 20. Bxc5 Nxc5 21. c4 Ne4 22. cxd5 $2 {For far from
obvious reasons, White should have kept his pawn on c4.} (22. Kh1 Nc3 ({
The point is that} 22... Nxf2+ 23. Rxf2 Nxe5 $2 {fails to} 24. c5 $1 $18) 23.
Qd3 Ne7 24. Nd4 $15) 22... exd5 23. e6 {This looks like desperation but the
e5-pawn was in trouble anyway.} ({Now the line} 23. Kh1 Nxf2+ 24. Rxf2 Nxe5 {
works perfectly for Black.}) 23... Ne7 (23... Raa8 $5 $17 {[%cal Ga8e8]}) 24.
Kh1 Nc3 25. Qd3 {[%cal Gf3g5]} h6 {Black is in complete control of the
position. It may be early for speaking about a decisive advantage, but in the
game White will not be able to create any complications.} 26. Nd1 Qb5 27. Qxb5
Nxb5 28. Nf2 Rxe6 29. Nd3 Nc6 30. Rfc1 Nc3 31. Nxb4 Nxb4 32. Rxc3 {Retrieving
the pawn is a passing joy due to the second rank invasion.} Re2 33. Rc7 Ra8 $1
$19 (33... Rxa2 34. Rxa2 Nxa2 35. Ra7) 34. Nd4 Rxa2 35. Rf1 Rd2 36. h3 a2 {
The pawn is unstoppable so White resigned.} 0-1

[Event "Norway Chess 2nd"]
[Site "Stavanger"]
[Date "2014.06.05"]
[Round "3"]
[White "Karjakin, Sergey"]
[Black "Agdestein, Simen"]
[Result "1/2-1/2"]
[WhiteElo "2771"]
[BlackElo "2628"]
[Annotator "Marin,M"]
[PlyCount "125"]
[EventDate "2014.06.03"]
[EventType "tourn"]
[EventRounds "9"]
[EventCountry "NOR"]
[EventCategory "21"]
[SourceTitle "CBM 161"]
[Source "ChessBase"]
[SourceDate "2014.07.16"]
[SourceVersion "1"]
[SourceVersionDate "2014.07.16"]
[SourceQuality "1"]

1. e4 e6 2. d4 d5 3. Nc3 Nf6 4. e5 Nfd7 5. f4 c5 6. Nf3 Nc6 7. Be3 cxd4 8. Nxd4
Qb6 9. Qd2 Qxb2 10. Rb1 Qa3 11. Bb5 Nxd4 12. Bxd4 a6 13. Bxd7+ Bxd7 14. Rb3 Qe7
15. Rxb7 Qh4+ 16. Qf2 Be7 {These bishops are strong in defence, being able to
control a lot of squares together and thus prevent the enemy rooks' intrusion.}
17. g3 $146 ({If} 17. Qxh4 Bxh4+ 18. Kd2 Bd8 {Black managed to set up a
reliable fortress in two high level games:} 19. Rhb1 Bc6 20. Rb8 Rxb8 21. Rxb8
O-O 22. Rc8 Bb7 23. Rb8 Bc6 24. Rc8 Bb7 {1/2-1/2 (24) Shirov,A (2714)
-Morozevich,A (2694) Biel 2011 and} 25. Rb8 Bc6 {1/2-1/2 (25) Dominguez Perez,
L (2730)-Nepomniachtchi,I (2718) Sochi 2012}) 17... Qh3 18. Kd2 Bd8 {Here, too,
the bishops are effective. The queen is not really out of play, since it is
keeping White busy on the kingside after having provoked him into voluntarily
giving up the right to castle.} 19. Rhb1 Bc6 {[%cal Ge8g8]} 20. Bc5 {Of course,
one of the bishops had to be eliminated in order to get chances for an
advantage.} Bxb7 21. Rxb7 Rc8 22. Kc1 $44 f6 23. Nxd5 exd5 24. Qe2 Rc7 25. Rxc7
Bxc7 26. e6 Bb6 27. Bxb6 O-O 28. e7 Re8 29. Bd8 Qc8 30. Kb2 g6 31. Qd3 Qc6 32.
Qc3 Qb5+ 33. Qb3 Qc5 34. a3 Kf7 35. Qd3 Qc6 36. Kb3 h5 37. Kb4 h4 38. g4 h3 39.
Ka5 Rh8 40. a4 Rh4 41. Qg3 g5 42. Qd3 gxf4 43. Qf5 f3 44. Qxf3 Qe6 45. g5 Qc6
46. g6+ Ke8 47. Qb3 Rg4 48. g7 f5 49. g8=Q+ Rxg8 50. Qxh3 Qe6 51. Bb6 Kxe7 52.
Qh7+ Qf7 53. Qxf7+ Kxf7 54. Kxa6 f4 55. a5 f3 56. Kb7 Rg2 57. a6 Rxc2 58. a7
Ra2 59. h4 Kf6 60. h5 Kg5 61. a8=Q Rxa8 62. Kxa8 Kxh5 63. Kb7 1/2-1/2

[Event "Tata Steel-A 75th"]
[Site "Wijk aan Zee"]
[Date "2013.01.12"]
[Round "1"]
[White "Karjakin, Sergey"]
[Black "Hou, Yifan"]
[Result "1-0"]
[WhiteElo "2780"]
[BlackElo "2603"]
[Annotator "Marin,M"]
[PlyCount "97"]
[EventDate "2013.01.12"]
[EventType "tourn"]
[EventRounds "13"]
[EventCountry "NED"]
[EventCategory "20"]
[SourceTitle "CBM 153"]
[Source "ChessBase"]
[SourceDate "2013.03.14"]
[SourceVersion "1"]
[SourceVersionDate "2013.03.14"]
[SourceQuality "1"]

1. e4 e6 2. d4 d5 3. Nc3 Nf6 4. e5 Nfd7 5. f4 c5 6. Nf3 Be7 {This is an
obvious slowing down of the traditional plan of putting pressure on d4 and e5.
Black's idea will be revealed on the next move.} 7. Be3 b6 $5 {An idea used by
Morozevich in a couple of occasions, although without success. Black intends
to exchange the light-squared bishops with ...Ba6 and then block the queenside
with ...c4 and maybe the kingside with ...f5. This plan has been used by great
players from the past (such as Botvinnik and Kortschnoj), but in the 3.Nd2 Nf6
4.e5 Nfd7 lines, where White's dynamism in the centre is neglectable. With the
knight on c3 and without having defined the plans for the c-pawn, White can
react energetically, which will actually happen in the game.} 8. Be2 {Quite
subtle. In the 3.Nd2 lines White usually delays the bishop's development
hoping to play Bf1xa6 without loss of time. With the knight on c3, he can make
use of the bishops tension in another way, provoking Black to play ...Bxe2,
when Nxe2 would regroup with the knight preparing for both c2-c4 and f4-f5 (...
exf5, Nf4).} (8. Qd2 g6 $5 (8... Ba6 {Timmermans,I (2177)-Hvenekilde,J (2296)/
Copenhagen 2002/CBM 089 ext (1/2, 12)} 9. f5 Bxf1 10. Rxf1 $36 Nc6 $2 11. fxe6
fxe6 12. Ng5 Bxg5 13. Bxg5 Qb8 14. Nb5 $18) 9. Be2 Ba6 10. O-O Bxe2 11. Qxe2 ({
Actually, I find} 11. Nxe2 {more dangerous. I am not sure whether the extra
tempo ...g7-g6 does make a big difference after} Nc6 12. c4) 11... Nc6 12. Rad1
a6 13. Kh1 h5 $13 {Sznapik,A (2485)-Hvenekilde,J (2285)/Copenhagen 1990/EXT
2000 (1-0, 48). Black has stabilized both wings and can look in the future
with optimism.}) (8. Bd3 Ba6 9. O-O Bxd3 10. cxd3 {An interesting
anti-blocking concept. On the queenside, Black cannot find a proper way of
releasing the tension.} Nc6 11. Kh1 O-O 12. Qd2 Rc8 ({He could block the
kingside with} 12... f5 $5 {though}) 13. Rac1 a6 14. Ne2 Qc7 ({Now is a bit
late for} 14... f5 {, since after} 15. exf6 $1 {the c5-pawn needs defence,
forcing Black to play the unnatural} Rxf6 16. Bf2 $14) 15. f5 exf5 16. Nf4 Qd8
17. e6 $36 {Bologan,V (2681)-Morozevich,A (2748)/Beijing 2012/ (1-0, 59)}) (8.
Ne2 Nc6 9. c3 O-O $6 {Castling right under the attack. Instead, Black should
have found a way to stabilize the kingside and then proceed with the queenside
plan, possibly crowned by caslting long.} (9... h5 $6 {[%cal Gg7g6]} 10. f5
exf5 11. Nf4 $44) (9... g6 $5 {[%cal Gh7h5]} 10. g4 $6 h5 11. f5 $2 hxg4 12.
fxe6 gxf3 13. exd7+ Bxd7 14. Ng3 cxd4 15. cxd4 Rh4 $17) 10. Ng3 c4 11. Ng5 h6
12. h4 b5 (12... hxg5 13. hxg5 g6 14. Nh5 $1 $40) 13. Qc2 Bxg5 (13... hxg5 14.
hxg5 g6 15. Rh6 {/\Rxg6+; /\Be2, Kd2, Rah1} Kg7 16. Nh5+ $1) 14. hxg5 $18 {
Shirov,A (2736)-Morozevich,A (2732)/Monaco 2004/CBM 099 ext (1-0, 40)}) (8. f5
{has never been tried, but deserves some attention. Still, Black seems to be
doing fine.} Nc6 9. fxe6 fxe6 10. Bb5 (10. Ng5 Bxg5 11. Qh5+ g6 12. Qxg5 Qxg5
13. Bxg5 Nxd4) 10... Ndb8 11. O-O (11. Ng5 cxd4) 11... O-O 12. Ne2 a6 13. Bxc6
Nxc6 14. c3 a5) 8... Ba6 9. O-O (9. g4 h5) (9. f5 $5) 9... Bxe2 $6 {This helps
White to clear the path for the c-pawn.} (9... g6 {[%cal Gh7h5] is a worthy
aternative.} 10. g4 h5 11. f5 (11. h3 hxg4 12. hxg4 Bxe2 13. Nxe2 Nc6 14. c4
dxc4 15. d5 exd5 16. Qxd5 Qc8 {[%csl Gg4][%cal Gd7f8]}) 11... hxg4 (11... Bxe2
12. Qxe2 hxg4 13. fxe6 fxe6 14. Nb5 $1 gxf3 15. Qxf3 Rf8 16. Qg4 $40) 12. fxe6
fxe6 13. Bxa6 Nxa6 14. Qd3 Rg8 15. Qxa6 gxf3 16. Rxf3 Qc8 17. Qe2 {Black has
solved some important strategic problems and is in no immediate tactical
danger, but in the long run his king will have difficulties finding an
absolutely safe residence.}) 10. Nxe2 Nc6 $146 {Black finally puts pressure on
d4 and e5, discouraging f4-f5. However, her development is delayed and White
can immediately start his attack.} (10... c4 11. g4 b5 12. c3 Nb6 13. f5 $36 {
Hellmann,N-Waldmann,H (2395)/Germany 1992/EXT 97-B (1-0, 57)}) 11. c4 $1 {
In some other lines based on ...b6 and ...Ba6, Black's knights are on c7 and
c6, making this pawn break ineffective. Here, Black cannot maintain stability
in the centre.} (11. g4 h5) 11... dxc4 (11... cxd4 12. cxd5) 12. d5 $1 exd5 13.
Qxd5 Nb4 (13... Qc7 14. Qxc4 O-O 15. Nc3 Rad8 16. Nd5 Qb7 17. Rad1 Rfe8 18. Rd2
$16) 14. Qxc4 b5 15. Qe4 (15. Qxb5 Nc2) 15... Qc8 16. Nc3 Qc6 {Otherwise, the
whole previous sequene would only be equivalent with losing time.} (16... a6
17. a3 Nc6 18. Nd5 $16) 17. Qxc6 Nxc6 18. Nxb5 Rb8 19. Nc7+ Kd8 20. Nd5 Rxb2 {
Black has managed to keep the material balance even, but her coordination is
poor and White's space advantage qquite threatening.} 21. Rfd1 {White
initiates a long plan of regrouping, but risks losing part of his advantage.} (
21. Rfb1 {is more energetical, exchanging Black's ony active piece.} Rxb1+ 22.
Rxb1 {/\Rb7} Kc8 $6 23. Nxe7+ Nxe7 24. Ng5 $18) 21... Re8 22. Rac1 Rxa2 23. Nd2
g5 (23... Ra4 $5 {would control several important squares along the fourth
rank, preventing Ne4 and preparing ...Nd4.}) 24. Ne4 gxf4 25. Bxc5 Bxc5+ 26.
Nxc5 {White's advantage is overwhelming now.} Rg8 27. g3 fxg3 28. h3 $1 Ndxe5
29. Nb4+ Ke8 30. Nxa2 Nf3+ 31. Kg2 Nh4+ 32. Kf1 Nf3 33. Ne4 g2+ 34. Kf2 g1=Q+
35. Rxg1 Rxg1 36. Rxc6 {Black probably had some hopes of reaching a R + N vs R
ending, but the h3-pawn is impossible to get rid of.} Ra1 37. Nf6+ Ke7 38. Nc3
Ne5 39. Ncd5+ Kd8 40. Rc3 Ra2+ 41. Kg3 Rd2 42. Kf4 Ng6+ 43. Kg5 Ne7 44. Nxe7
Kxe7 45. Re3+ Kd8 46. Ra3 Rg2+ 47. Ng4 h6+ 48. Kh4 f5 49. Nxh6 1-0

[Event "FIDE World Cup"]
[Site "Khanty-Mansiysk"]
[Date "2011.08.31"]
[Round "2.1"]
[White "Fier, Alexandr"]
[Black "Morozevich, Alexander"]
[Result "0-1"]
[WhiteElo "2566"]
[BlackElo "2694"]
[Annotator "Marin,M"]
[PlyCount "70"]
[EventDate "2011.08.28"]
[EventType "k.o."]
[EventRounds "7"]
[EventCountry "RUS"]
[SourceTitle "CBM 145"]
[Source "ChessBase"]
[SourceDate "2011.11.11"]
[SourceVersion "1"]
[SourceVersionDate "2011.11.11"]
[SourceQuality "1"]

1. e4 e6 2. d4 d5 3. Nc3 Nf6 4. e5 Nfd7 5. f4 c5 6. Nf3 Nc6 7. Be3 cxd4 8. Nxd4
Bc5 9. Qd2 a6 10. O-O-O O-O 11. Nb3 {This has been played many times, but to
me it looks like he is too straighforwardly playing for the blockade.} ({
The main line undoubtedly is} 11. h4 {combining attacking ideas with strategic
ones.}) 11... Bxe3 12. Qxe3 b5 13. Bd3 b4 14. Ne4 a5 $1 {It appears now that
the b3-knight, which already has spent three valuable tempi, is unstable and
likely to cause more losses of time.} 15. Nbc5 Nxc5 16. Qxc5 $146 {Refraining
from a forced draw, but probably wrongly.} (16. Nf6+ gxf6 17. Bxh7+ Kxh7 18.
Qh3+ {1/2 Riff,J (2487)-Feller,S (2540)/Evry 2008/CBM 124 Extra and 1/2 Bobras,
P (2581)-Socko,B (2635)/Lublin 2008/CBM 123}) 16... Ne7 17. Ng5 ({The knight
would not do much on d6 after} 17. Nd6 Ba6 {Black could carry out the same
kind of attack as in the game.}) 17... h6 18. Nf3 Ba6 19. Kb1 Qd7 20. g4 a4 $1
{Black does not care about the b-pawn. ThisWhite is not forced to accept it,
but the threat is ...b4-b3, which would then be an active sacrifice. The main
idea is to open files for the attack.} 21. Bxa6 Rxa6 22. Qxb4 Nc6 23. Qb5 Qa7
24. Qd3 Rb8 $40 {White's attack has not started yet, while his own king is in
serious danger already.} 25. Nd4 Na5 26. Ka1 Nc4 27. Rb1 Rab6 $19 28. Qc3 ({
Quite sadly,} 28. b3 {does not work because of} axb3 29. cxb3 (29. Rxb3 Ra8 $19
) 29... Qxa2+ $1) 28... Rxb2 29. Rxb2 Rxb2 30. f5 a3 31. h4 Qb8 32. Re1 Nd2 33.
Nb3 Ne4 34. Qd3 Qxe5 35. Nd4 Rxc2 0-1